| 000 | 00337nam a22001337a 4500 | ||
|---|---|---|---|
| 020 | _a9781588165893 | ||
| 040 | _cNust | ||
| 082 |
_a747 _bEVL |
||
| 100 |
_aTessa Evelegh _9130813 |
||
| 245 | _aStorage Workshop | ||
| 260 |
_aNew York: _bSterling Publishing Company, Inc. _c2006. |
||
| 650 |
_aStorage Workshop _9130814 |
||
| 942 |
_2ddc _cBK |
||
| 999 |
_c614986 _d614986 |
||